عرض عادي عرض مارك
  • Medical microbiology.

مدخل مصطلح موضوعي

عدد التسجيلات المستخدمة في: 2

001 - رقم الضبط

  • حقل الضبط: 5342

003 - معرف رقم الضبط

  • حقل الضبط: OSt

005 - تاريخ ووقت أخر عملية

  • حقل الضبط: 20111019143155.0

008 - عناصر بيانات ثابتة الطول

  • حقل تحكم ثابت الطول: 111019|||a|||||| | ||| d

040 ## - مصدر الفهرسة

  • هيئة الفهرسة الأصلية: OSt
  • وكالة الكتابة: OSt

150 ## - مدخل-- مصطلح تاريخي

  • عنصر مدخل المصطلح الموضوعي او الاسم الجغرافي: Medical microbiology.

670 ## - بيانات المصدر موجوده

  • الاستشهاد بالمصدر: Work cat.: (OSt)1024: Burton, Gwendolyn R. W. (Gwendolyn R. Wilson) 5341, Microbiology for the health sciences /, c2004